Programming Language Concepts (Record no. 344251)

MARC details
000 -LEADER
fixed length control field 00488nam a2200181Ia 4500
008 - FIXED-LENGTH DATA ELEMENTS--GENERAL INFORMATION
fixed length control field 230718s9999 xx 000 0 und d
020 ## - INTERNATIONAL STANDARD BOOK NUMBER
International Standard Book Number 9788126518616
041 ## - LANGUAGE CODE
Language code of text/sound track or separate title eng
082 ## - DEWEY DECIMAL CLASSIFICATION NUMBER
Classification number 005.13
Item number GHE
100 ## - MAIN ENTRY--PERSONAL NAME
Personal name Ghezzi C.
9 (RLIN) 109760
245 ## - TITLE STATEMENT
Title Programming Language Concepts
250 ## - EDITION STATEMENT
Edition statement 3rd ed.
260 ## - PUBLICATION, DISTRIBUTION, ETC. (IMPRINT)
Date of publication, distribution, etc. 2014
Name of publisher, distributor, etc. Wiley
300 ## - PHYSICAL DESCRIPTION
Extent 427
365 ## - TRADE PRICE
Currency code Rs.
Price amount 539.00
700 ## - ADDED ENTRY--PERSONAL NAME
Personal name Ghezzi C. & Jazayeri M.
9 (RLIN) 109761
906 ## - LOCAL DATA ELEMENT F, LDF (RLIN)
d O:0372201-Feb-2017B:SE/SI/368524-Jan-2017
c COMP
b 4365.9
Holdings
Withdrawn status Lost status Damaged status Not for loan Home library Current library Date acquired Vendor Budget Code Cost, normal purchase price Bill number Total Checkouts Full call number Barcode Date last seen Date last checked out Discount Cost, replacement price Bill Date Koha item type Original Barcode
        Cummins College of Engineering for Women Pune Cummins College of Engineering for Women Pune 02/02/2017 Suyog Enterprises COMP 393.47 SE/SI/3685 1 005.13 CCEP-BK-55458 20/10/2023 06/10/2023 4365.9 539.00 24/01/2017 Books 055458